[Event "Ambelokipi op 82nd"]
[Site "Athens"]
[Date "2007.11.13"]
[Round "3"]
[White "Khetsuriani, Besarion"]
[Black "Savoglou, Nikolaos"]
[Result "1-0"]
[WhiteElo "2369"]
[BlackElo "1961"]
[PlyCount "81"]
[EventDate "2007.11.03"]
[EventType "swiss"]
[EventRounds "7"]
[EventCountry "GRE"]
[SourceTitle "EXT 2024"]
[Source "ChessBase"]
[SourceDate "2023.10.10"]
[SourceVersion "1"]
[SourceVersionDate "2023.10.10"]
[SourceQuality "1"]

1. c4 Nf6 2. Nf3 e6 3. g3 d5 4. Bg2 Be7 5. 0-0 0-0 6. b3 b6 7. d4 Bb7 8. Nc3 Nbd7 9. Ne5 c5 10. Nxd7 Qxd7 11. cxd5 exd5 12. Bb2 Rfd8 13. Rc1 Rac8 14. dxc5 bxc5 15. Na4 d4 16. Qd3 Bxg2 17. Kxg2 Nd5 18. Ba3 Nb4 19. Bxb4 cxb4 20. Rfd1 Qb7+ 21. Qf3 Qxf3+ 22. Kxf3 Bf6 23. Ke4 Kf8 24. Kd3 Bg5 25. Rc5 Be7 26. Rxc8 Rxc8 27. Rd2 Ke8 28. Rc2 Rc3+ 29. Nxc3 dxc3 30. Kc4 Kd7 31. Kb5 Ke6 32. Kc4 a5 33. e3 Ke5 34. f3 g5 35. h3 h5 36. Kd3 f5 37. f4+ gxf4 38. exf4+ Kd5 39. g4 fxg4 40. hxg4 hxg4 41. Rg2 1-0